000 00808nas a2200265 4500
001 BR2011005691
003 BR-BrBNA
005 20231205115640.0
007 ta
008 230509b bl.|||p| |||| 00| 00por d
040 _aBR-BrBNA
_bpor
_cBiblioteca Nacional de Agricultura
041 _a(Pt)
072 _aF07; N20
100 1 _aPiffer, C.R.
100 1 _aBenez, S.H.
245 1 _aDemanda energética de uma semeadora de fluxo contínuo em três sistemas de manejo do solo
650 _aEQUIPAMENTO AGRÍCOLA
650 _aPLANTIO DIRETO
650 _aCULTIVO MÍNIMO
650 _aRABANETE
650 _aNABO-BRAVO
773 0 _tEnergia na Agricultura (Brazil)
_xISSN 1808-8759
_g(2009), v. 24(4) p. 21-32
_wBR2011005691
909 _a202311
_bLúcia
_c55
_dLúcia Elande
942 _2AGRIS
_n0
_cANA
999 _c215024
_d215024